000 00947nam a22001817a 4500
008 230919b ||||| |||| 00| 0 spa d
040 _aAR-FvUNAJ
110 2 _94900
_aCentro de Estudios Legales y Sociales.
245 1 0 _aAdolescentes detenidos - desaparecidos /
_cCentro de Estudios Legales y Sociales
260 _aBuenos Aires :
_bCELS,
_c1982
300 _a22 p.
440 _918050
_a[Publicaciones durante la dictadura]
_v5
520 3 _aEsta publicación -de 1982- analizó los secuestros de jóvenes de entre 13 y 18 años. Convivían con sus padres, tenían inquietudes intelectuales, artísticas, políticas, sociales, y sufrieron un destino común que comenzó con su detención brutal, seguido por la tortura y los vejámenes, para culminar con traslados y desaparición.
650 2 7 _2unescot
_97970
_aDESAPARICION DE PERSONAS
650 2 7 _2unescot
_9559
_aDICTADURA
942 _2ddc
_cLIBRO
980 _621568
_a Nuñez
_82
_gVirginia Figueroa
999 _c9194
_d9194